000 00392nam a22001697a 4500
005 20160512094214.0
008 160512b xxu||||| |||| 00| 0 eng d
020 _a81-259-1658-x
041 _aeng
082 _b1447
100 _aPandey Im
_9247
245 _aFundamental of Financial Management
260 _aNew Delhi
_bVikas
300 _a785
650 _aManagement
_9241
942 _cBK
999 _c611
_d611